<?xml version="1.0" encoding="UTF-8"?>
<record
    xmlns:xsi="http://www.w3.org/2001/XMLSchema-instance"
    xsi:schemaLocation="http://www.loc.gov/MARC21/slim http://www.loc.gov/standards/marcxml/schema/MARC21slim.xsd"
    xmlns="http://www.loc.gov/MARC21/slim">

  <leader>01620nam a2200265Ia 4500</leader>
  <datafield tag="999" ind1=" " ind2=" ">
    <subfield code="c">38515</subfield>
    <subfield code="d">38515</subfield>
  </datafield>
  <controlfield tag="001">4616</controlfield>
  <controlfield tag="003">GE_BSU</controlfield>
  <controlfield tag="005">20190510145509.0</controlfield>
  <controlfield tag="008">181216s2003||||ge |||||||||||||| ||geo||</controlfield>
  <datafield tag="020" ind1=" " ind2=" ">
    <subfield code="a">9994023306</subfield>
  </datafield>
  <datafield tag="040" ind1=" " ind2=" ">
    <subfield code="c">GE_BSU</subfield>
  </datafield>
  <datafield tag="041" ind1=" " ind2=" ">
    <subfield code="a">geo</subfield>
  </datafield>
  <datafield tag="080" ind1=" " ind2=" ">
    <subfield code="a">316 &#x10D0;&#x2013;63</subfield>
  </datafield>
  <datafield tag="100" ind1=" " ind2=" ">
    <subfield code="a">&#x10D0;&#x10DC;&#x10D3;&#x10D4;&#x10E0;&#x10E1;&#x10DD;&#x10DC;&#x10D8;, &#x10D1;&#x10D4;&#x10DC;&#x10D4;&#x10D3;&#x10D8;&#x10E5;&#x10E2;</subfield>
    <subfield code="9">952</subfield>
  </datafield>
  <datafield tag="245" ind1=" " ind2=" ">
    <subfield code="a">&#x10EC;&#x10D0;&#x10E0;&#x10DB;&#x10DD;&#x10E1;&#x10D0;&#x10EE;&#x10D5;&#x10D8;&#x10D7;&#x10D8; &#x10E1;&#x10D0;&#x10D6;&#x10DD;&#x10D2;&#x10D0;&#x10D3;&#x10DD;&#x10D4;&#x10D1;&#x10D0;&#x10DC;&#x10D8; = Imagined Communities: &#x10DB;&#x10DD;&#x10E1;&#x10D0;&#x10D6;&#x10E0;&#x10D4;&#x10D1;&#x10D0;&#x10DC;&#x10D8; &#x10DC;&#x10D0;&#x10EA;. &#x10EC;&#x10D0;&#x10E0;&#x10DB;&#x10DD;&#x10E8;&#x10DD;&#x10D1;&#x10D8;&#x10E1;&#x10D0; &#x10D3;&#x10D0; &#x10D2;&#x10D0;&#x10D5;&#x10E0;&#x10EA;&#x10D4;&#x10DA;&#x10D4;&#x10D1;&#x10D8;&#x10E1; &#x10E8;&#x10D4;&#x10E1;&#x10D0;&#x10EE;&#x10D4;&#x10D1; /</subfield>
    <subfield code="c">&#x10D1;&#x10D4;&#x10DC;&#x10D4;&#x10D3;&#x10D8;&#x10E5;&#x10E2; &#x10D0;&#x10DC;&#x10D3;&#x10D4;&#x10E0;&#x10E1;&#x10DD;&#x10DC;&#x10D8; ; &#x10D8;&#x10DC;&#x10D2;&#x10DA;. &#x10D7;&#x10D0;&#x10E0;&#x10D2;&#x10DB;&#x10DC;&#x10D0; : &#x10E0;&#x10E3;&#x10E1;&#x10E3;&#x10D3;&#x10D0;&#x10DC; &#x10D2;&#x10DD;&#x10EA;&#x10D8;&#x10E0;&#x10D8;&#x10EB;&#x10D4;&#x10DB; ; &#x10E1;&#x10D0;&#x10DB;&#x10D4;&#x10EA; .  &#x10E0;&#x10D4;&#x10D3; : &#x10D6;&#x10E3;&#x10E0;&#x10D0;&#x10D1; &#x10D3;&#x10D0;&#x10D5;&#x10D8;&#x10D7;&#x10D0;&#x10E8;&#x10D5;&#x10D8;&#x10DA;&#x10D8;.</subfield>
  </datafield>
  <datafield tag="264" ind1=" " ind2=" ">
    <subfield code="a">&#x10D7;&#x10D1;&#x10D8;&#x10DA;&#x10D8;&#x10E1;&#x10D8; .:</subfield>
    <subfield code="b">&#x10D4;&#x10DC;&#x10D0; &#x10D3;&#x10D0; &#x10D9;&#x10E3;&#x10DA;&#x10E2;&#x10E3;&#x10E0;&#x10D0;,</subfield>
    <subfield code="c">2003.</subfield>
  </datafield>
  <datafield tag="300" ind1=" " ind2=" ">
    <subfield code="a">306&#x10D2;&#x10D5; . ; </subfield>
    <subfield code="c">20&#x10E1;&#x10DB;.</subfield>
  </datafield>
  <datafield tag="440" ind1=" " ind2=" ">
    <subfield code="a">&#x10E1;&#x10DD;&#x10EA;&#x10D8;&#x10D0;&#x10DA;&#x10E3;&#x10E0; &#x10DB;&#x10D4;&#x10EA;&#x10DC;&#x10D8;&#x10D4;&#x10E0;&#x10D4;&#x10D1;&#x10D0;&#x10D7;&#x10D0; &#x10E1;&#x10D4;&#x10E0;&#x10D8;&#x10D0;</subfield>
    <subfield code="9">955</subfield>
  </datafield>
  <datafield tag="653" ind1=" " ind2=" ">
    <subfield code="a">&#x10DB;&#x10DD;&#x10E1;&#x10D0;&#x10D6;&#x10E0;&#x10D4;&#x10D1;&#x10D0;&#x10DC;&#x10D8; &#x10DC;&#x10D0;&#x10EA;. &#x10EC;&#x10D0;&#x10E0;&#x10DB;&#x10DD;&#x10E8;&#x10DD;&#x10D1;&#x10D8;&#x10E1;&#x10D0; &#x10D3;&#x10D0; &#x10D2;&#x10D0;&#x10D5;&#x10E0;&#x10EA;&#x10D4;&#x10DA;&#x10D4;&#x10D1;&#x10D8;&#x10E1; &#x10E8;&#x10D4;&#x10E1;&#x10D0;&#x10EE;&#x10D4;&#x10D1;</subfield>
  </datafield>
  <datafield tag="653" ind1=" " ind2=" ">
    <subfield code="a">&#x10EC;&#x10D0;&#x10E0;&#x10DB;&#x10DD;&#x10E1;&#x10D0;&#x10EE;&#x10D5;&#x10D8;&#x10D7;&#x10D8; &#x10E1;&#x10D0;&#x10D6;&#x10DD;&#x10D2;&#x10D0;&#x10D3;&#x10DD;&#x10D4;&#x10D1;&#x10D0;&#x10DC;&#x10D8;</subfield>
  </datafield>
  <datafield tag="653" ind1=" " ind2=" ">
    <subfield code="a">&#x10E1;&#x10DD;&#x10EA;&#x10D8;&#x10DD;&#x10DA;&#x10DD;&#x10D2;&#x10D8;&#x10D0;</subfield>
  </datafield>
  <datafield tag="700" ind1=" " ind2=" ">
    <subfield code="a">&#x10D2;&#x10DD;&#x10EA;&#x10D8;&#x10E0;&#x10D8;&#x10EB;&#x10D4;&#x10DB;,&#x10E0;&#x10E3;&#x10E1;&#x10E3;&#x10D3;&#x10D0;&#x10DC;</subfield>
    <subfield code="e">&#x10DB;&#x10D7;&#x10D0;&#x10E0;&#x10D2;&#x10DB;&#x10DC;&#x10D4;&#x10DA;&#x10D8;</subfield>
    <subfield code="9">953</subfield>
  </datafield>
  <datafield tag="700" ind1=" " ind2=" ">
    <subfield code="a">&#x10D3;&#x10D0;&#x10D5;&#x10D8;&#x10D7;&#x10E8;&#x10D5;&#x10D8;&#x10DA;&#x10D8;, &#x10D6;&#x10E3;&#x10E0;&#x10D0;&#x10D1;</subfield>
    <subfield code="e">&#x10E1;&#x10D0;&#x10DB;&#x10D4;&#x10EA;&#x10DC;&#x10D8;&#x10D4;&#x10E0;&#x10DD; &#x10E0;&#x10D4;&#x10D3;&#x10D0;&#x10E5;&#x10E2;&#x10DD;&#x10E0;&#x10D8;</subfield>
    <subfield code="9">954</subfield>
  </datafield>
  <datafield tag="942" ind1=" " ind2=" ">
    <subfield code="c">BK</subfield>
    <subfield code="2">udc</subfield>
  </datafield>
  <datafield tag="952" ind1=" " ind2=" ">
    <subfield code="0">0</subfield>
    <subfield code="1">0</subfield>
    <subfield code="2">udc</subfield>
    <subfield code="4">0</subfield>
    <subfield code="6">316_&#x10D0;63</subfield>
    <subfield code="7">0</subfield>
    <subfield code="9">39792</subfield>
    <subfield code="a">SPL</subfield>
    <subfield code="b">SPL</subfield>
    <subfield code="c">GEN</subfield>
    <subfield code="d">2018-12-17</subfield>
    <subfield code="o">316 &#x10D0;&#x2013;63</subfield>
    <subfield code="p">8339</subfield>
    <subfield code="r">2018-12-17</subfield>
    <subfield code="t">8339</subfield>
    <subfield code="w">2018-12-17</subfield>
    <subfield code="y">BK</subfield>
  </datafield>
</record>
